Skin : (Record no. 607804)

000 -LEADER
fixed length control field 01702cam a22003614a 4500
001 - CONTROL NUMBER
control field 12593176
003 - CONTROL NUMBER IDENTIFIER
control field OSt
005 - DATE AND TIME OF LATEST TRANSACTION
control field 20240216102046.0
008 - FIXED-LENGTH DATA ELEMENTS--GENERAL INFORMATION
fixed length control field 011119s2002 nyua 001 0 eng
010 ## - LIBRARY OF CONGRESS CONTROL NUMBER
LC control number 2001007394
020 ## - INTERNATIONAL STANDARD BOOK NUMBER
International Standard Book Number 1568983182
020 ## - INTERNATIONAL STANDARD BOOK NUMBER
International Standard Book Number 9781568987118
040 ## - CATALOGING SOURCE
Original cataloging agency DLC
Transcribing agency DLC
Modifying agency DLC
042 ## - AUTHENTICATION CODE
Authentication code pcc
050 00 - LIBRARY OF CONGRESS CALL NUMBER
Classification number NK1390
Item number .L87 2002
082 00 - DEWEY DECIMAL CLASSIFICATION NUMBER
Classification number 745.409045
Edition number 21
Author Mark LUP
100 1# - MAIN ENTRY--PERSONAL NAME
Personal name Lupton, Ellen.
9 (RLIN) 34245
245 10 - TITLE STATEMENT
Title Skin :
Remainder of title surface, substance + design /
Statement of responsibility, etc. Ellen Lupton ; with essays by Jennifer Tobias ... [et al.].
250 ## - EDITION STATEMENT
Edition statement 1st ed.
260 ## - PUBLICATION, DISTRIBUTION, ETC.
Place of publication, distribution, etc. New York :
Name of publisher, distributor, etc. Princeton Architectural Press,
Date of publication, distribution, etc. c2002.
300 ## - PHYSICAL DESCRIPTION
Extent 239 p. :
Other physical details col. ill. ;
Dimensions 24 cm.
500 ## - GENERAL NOTE
General note Includes index.
505 0# - FORMATTED CONTENTS NOTE
Formatted contents note Skin, new design organics / Ellen Lupton -- Artificial skin, ingrown and outsourced / Jennifer Tobias -- Digital skins, the architecture of surface / Alicia Imperiale -- Beauty, horror + biotechnology -- Vessels + membranes -- Intelligence + touch -- Artificial light + artificial life -- Padding + protection -- Warps + folds.
650 #0 - SUBJECT ADDED ENTRY--TOPICAL TERM
Topical term or geographic name entry element Design
General subdivision History
Chronological subdivision 20th century.
9 (RLIN) 33922
650 #0 - SUBJECT ADDED ENTRY--TOPICAL TERM
Topical term or geographic name entry element Surfaces.
9 (RLIN) 26705
650 #0 - SUBJECT ADDED ENTRY--TOPICAL TERM
Topical term or geographic name entry element Materials.
9 (RLIN) 9342
700 1# - ADDED ENTRY--PERSONAL NAME
Personal name Tobias, Jennifer.
9 (RLIN) 120615
856 42 - ELECTRONIC LOCATION AND ACCESS
Materials specified Publisher description
Uniform Resource Identifier <a href="http://www.loc.gov/catdir/enhancements/fy0722/2001007394-d.html">http://www.loc.gov/catdir/enhancements/fy0722/2001007394-d.html</a>
856 42 - ELECTRONIC LOCATION AND ACCESS
Materials specified Contributor biographical information
Uniform Resource Identifier <a href="http://www.loc.gov/catdir/enhancements/fy0731/2001007394-b.html">http://www.loc.gov/catdir/enhancements/fy0731/2001007394-b.html</a>
906 ## - LOCAL DATA ELEMENT F, LDF (RLIN)
a 7
b cbc
c orignew
d 1
e ecip
f 20
g y-gencatlg
942 ## - ADDED ENTRY ELEMENTS (KOHA)
Source of classification or shelving scheme
Koha item type Book
Institution code [OBSOLETE] SADA
Call number prefix 745.409045 LUP 2002
Holdings
Withdrawn status Lost status Source of classification or shelving scheme Damaged status Not for loan Permanent Location Current Location Date acquired Source of acquisition Total Checkouts Full call number Barcode Date last seen Cost, replacement price Price effective from Koha item type
          School of Art Design and Architecture (SADA) School of Art Design and Architecture (SADA) 05/16/2017 Golden Books   745.409045 LUP 2002 SADA0002724 02/16/2024 3882.82 02/16/2024 Book
© 2023 Central Library, National University of Sciences and Technology. All Rights Reserved.